| 000 | 00578nam a2200193Ia 4500 | ||
|---|---|---|---|
| 003 | GCL | ||
| 008 | 140319s9999 xx 000 0 eng d | ||
| 040 |
_aGCL / _cGCL |
||
| 082 | 0 | 4 |
_a658.301 _bE P |
| 100 | 1 | _aETZEL, BARBARA | |
| 245 | 1 | 0 |
_aPERSONAL INFROMATION MANAGEMENT: TOOLS AND TECHNIQUES FOR ACHIEVING PROFESSIONAL EFFECTIVENESS / _cETZEL, BARBARA |
| 700 | 1 | _aTHOMAS, PETER | |
| 260 |
_a[S.N] : _bMACMILLAN PRESS LTD . ، _c1996 |
||
| 300 | _a154 P | ||
| 650 | 0 | 4 | _aPERSONAL MANAGEMENT |
| 650 | 0 | 4 | _aMANAGEMENT |
| 650 | 0 | 4 | _aINFORMATION MANAGEMENT |
| 942 |
_2ddc _cBK |
||
| 999 |
_c13923 _d13923 |
||